Datum a čas kvízu
30.5
Celkem bodů
Celkový počet nahraných bodů na tomto kvízu bez doplňovacích otázek.
7.
Pořadí na kvízu
Konečné umístění týmu na tomto kvízu.
Zaznamenané odpovědi
| # | Otázka | Odpověď | Body | Výsledky |
|---|---|---|---|---|
| 1. | Minulý týden byla představena... | na Ještěd | 1 | |
| 2. | V neděli začala světová výstav... | v Japonsku | 1 | |
| 3. | Po více než třiceti letech se... | Karavan | 0 | |
| 4. | Americká genetická společnost... | Hra o trůny, pravlk | 0.5 | |
| 5. | Obhajoba titulu v Lize mistrů... | Arsenal FC, 0:3 | 0.5 | |
| 6. | Dovtípíte se, co bylo objeveno... | Velikonoční ostrov | 1 | |
| 7. | S Velikonocemi je spojena řada... | o holubici | 0 | |
| 8. | Velký pátek je v České republi... | 2016 (2015–2017) | 0 | |
| 9. | Jak se jmenuje pohanský svátek... | D | 1 | |
| 10. | Australané nejsou vzhledem k t... | bandikut (králíkovitý) | 1 |